| 000 | 01169nam a2200217 i 4500 | ||
|---|---|---|---|
| 001 | 82865 | ||
| 003 | ES-MaACL | ||
| 005 | 20230906174738.0 | ||
| 007 | t| | ||
| 008 | 041112s1978 sp ||||1| spa d | ||
| 110 | 2 |
_aInstituto de Investigaciones Pesqueras (Cádiz) ( _cMadrid) _94974 |
|
| 245 | 1 | 0 |
_aCultivos marinos en la provincia de Cádiz / _cInstituto de Investigaciones Pesqueras de Cádiz. |
| 260 |
_a[Madrid : _bMoneda y Crédito, _c1978] |
||
| 300 |
_a110 p., 8 lám. : _bil. ; _c26 cm. |
||
| 505 | 8 | _aContiene: Consideraciones sobre la biología y posibilidades de cultivo de langostino "penaeus kerathurus" del Golfo de Cádiz. / por Antonio Rodríguez Martín. -- Estado actual y perspectivas de la explotación piscícola en las salinas de Cádiz. / por Alberto M. Arias García | |
| 700 | 1 |
_aRodríguez Martín, Antonio. _998641 |
|
| 700 | 1 |
_aArias García, Alberto M. _922782 |
|
| 740 | 0 | _aConsideraciones sobre la biología y posibilidades del cultivo del langostino "penaeus kerathurus" del Golfo de Cádiz. | |
| 740 | 0 | _aEstado actual y perspectivas de la explotación piscícola en las salinas de Cádiz. | |
| 852 |
_aES-MaACL _jA-8391 _bR.98012 |
||
| 999 |
_c82865 _d82865 |
||